书目信息 |
| 题名: |
大学物理实验
|
|
| 作者: | 柳青 主编 | |
| 分册: | ||
| 出版信息: | 重庆 重庆大学出版社 2020.01 |
|
| 页数: | 174页 | |
| 开本: | 26cm | |
| 丛书名: | ||
| 单 册: | ||
| 中图分类: | O4-33 | |
| 科图分类: | ||
| 主题词: | 物理学--wu li xue--实验--高等学校--教材 | |
| 电子资源: | ||
| ISBN: | 978-7-5689-1918-0 | |
| 000 | 00946nam0 2200229 450 | |
| 001 | 2059804737 | |
| 005 | 20201105163713.20 | |
| 010 | @a978-7-5689-1918-0@dCNY32.00 | |
| 100 | @a20200428d2020 em y0chiy50 ea | |
| 101 | 0 | @achi |
| 102 | @aCN@b500000 | |
| 105 | @aak a 000yy | |
| 200 | 1 | @a大学物理实验@Ada xue wu li shi yan@f主编柳青 |
| 210 | @a重庆@c重庆大学出版社@d2020.01 | |
| 215 | @a174页@c图@d26cm | |
| 320 | @a有书目 (第174页) | |
| 330 | @a本书共5章, 包含18个实验项目, 内容涵盖误差理论及数据处理的基本知识、常用实验仪器简介和实验设计方法, 强调基础训练和物理概念的理解。全书按照基础必修实验项目、专业模块化教学实验项目、设计研究性实验项目, 涵盖力学、热学、光学和电磁学等方面的知识。在每项实验均插有仪器照片, 并附有相关物理学史小知识, 提高学生的学习兴趣。 | |
| 606 | 0 | @a物理学@Awu li xue@x实验@x高等学校@j教材 |
| 690 | @aO4-33@v5 | |
| 701 | 0 | @a柳青@Aliu qing@4主编 |
| 801 | 0 | @aCN@b人天书店@c20201002 |
| 905 | @aZUCC@dO4-33@eL754 | |
| 大学物理实验/主编柳青.-重庆:重庆大学出版社,2020.01 |
| 174页:图;26cm |
| ISBN 978-7-5689-1918-0:CNY32.00 |
| 本书共5章, 包含18个实验项目, 内容涵盖误差理论及数据处理的基本知识、常用实验仪器简介和实验设计方法, 强调基础训练和物理概念的理解。全书按照基础必修实验项目、专业模块化教学实验项目、设计研究性实验项目, 涵盖力学、热学、光学和电磁学等方面的知识。在每项实验均插有仪器照片, 并附有相关物理学史小知识, 提高学生的学习兴趣。 |
| ● |
| 相关链接 |
|
|
|
正题名:大学物理实验
索取号:O4-33/L754
 
预约/预借
| 序号 | 登录号 | 条形码 | 馆藏地/架位号 | 状态 | 备注 |
| 1 | 1479868 | 214798682 | 自科库401/401自科库 85排1列1层/ [索取号:O4-33/L754] | 在馆 | |
| 2 | 1479869 | 214798691 | 自科库401/401自科库 85排1列1层/ [索取号:O4-33/L754] | 在馆 |